000 00321cam a22001097a 4500
008 180718b1978 xxu||||| |||| 00| 0 eng d
082 _aR153x54 G151
245 _aNational survey on the incidence of bounded labour
260 _aNew Delhi
_bGandhi Peace Foundation
_c1978
300 _a93p.
650 _aSurvey-Bounded labour
999 _c434423
_d434423